[Event "Cadiz Region-ch Youth+Experts"]
[Site "Chipiona"]
[Date "2016.02.20"]
[Round "3.3"]
[White "Osuna Vega, Enrique"]
[Black "Romero Valencia, Fernando"]
[Result "0-1"]
[WhiteElo "2126"]
[BlackElo "2054"]
[PlyCount "76"]
[EventDate "2016.02.06"]
[EventType "swiss"]
[EventRounds "6"]
[EventCountry "ESP"]
[SourceTitle "EXT 2024"]
[Source "ChessBase"]
[SourceDate "2023.10.10"]
[SourceVersion "1"]
[SourceVersionDate "2023.10.10"]
[SourceQuality "1"]

1. e4 c5 2. Nf3 e6 3. b3 Nc6 4. Bb2 Nf6 5. e5 Ng4 6. h3 Nh6 7. g4 Be7 8. Nc3 f5 9. exf6 Bxf6 10. g5 Bxc3 11. Bxc3 Nf5 12. h4 Qc7 13. Bb5 0-0 14. Qe2 a6 15. Bxc6 Qxc6 16. 0-0-0 d6 17. Nh2 Ne7 18. Bb2 Nd5 19. h5 e5 20. h6 g6 21. Rhg1 Nf4 22. Qe3 Bd7 23. Ng4 Bxg4 24. Rxg4 Rae8 25. Kb1 Rf5 26. Rf1 b5 27. d3 a5 28. Qe4 d5 29. Qe1 b4 30. Qd2 d4 31. Qd1 Nd5 32. Qe1 Ref8 33. Re4 Ne3 34. Qe2 Nxf1 35. Qxf1 Rxf2 36. Qh3 Qc8 37. Qh4 Qf5 38. Bc1 Qf3 0-1

[Event "Gibraltar Challengers-B 14th"]
[Site "Caleta"]
[Date "2016.01.30"]
[Round "1"]
[White "Haddock, Paul"]
[Black "Romero Valencia, Fernando"]
[Result "0-1"]
[WhiteElo "1606"]
[BlackElo "2054"]
[PlyCount "71"]
[EventDate "2016.01.30"]
[EventType "swiss"]
[EventRounds "5"]
[EventCountry "GGB"]
[SourceTitle "CBM 170 Extra"]
[Source "ChessBase"]
[SourceDate "2016.02.25"]
[SourceVersion "1"]
[SourceVersionDate "2016.02.25"]
[SourceQuality "1"]

1. e4 d6 2. d4 Nf6 3. Nc3 Nbd7 4. Bg5 c6 5. Bc4 b5 6. Bd3 b4 7. Nce2 e5 8. Nf3 Be7 9. Qd2 0-0 10. 0-0 Rb8 11. Rad1 Qc7 12. h3 Re8 13. dxe5 dxe5 14. Ng3 Nc5 15. Bxf6 Bxf6 16. Bc4 Be6 17. Bxe6 Nxe6 18. Qd6 Qb6 19. Nxe5 Nc5 20. Nc4 Qb5 21. b3 Nxe4 22. Nxe4 Rxe4 23. Qd7 Re7 24. Qd6 h6 25. Rfe1 Rbe8 26. Rxe7 Rxe7 27. Qd8+ Kh7 28. Qd3+ g6 29. Qf3 Kg7 30. Rd6 Bg5 31. Rxc6 Qb8 32. g3 Qe8 33. h4 Re1+ 34. Kg2 Be7 35. Ne3 Qd7 36. Ra6 0-1

[Event "Gibraltar Challengers-B 13th"]
[Site "Caleta"]
[Date "2015.02.04"]
[Round "5"]
[White "Brandstetter, Dieter"]
[Black "Romero Valencia, Fernando"]
[Result "0-1"]
[WhiteElo "2065"]
[BlackElo "1954"]
[PlyCount "63"]
[EventDate "2015.01.31"]
[EventType "swiss"]
[EventRounds "5"]
[EventCountry "GGB"]
[SourceTitle "CBM 164 Extra"]
[Source "ChessBase"]
[SourceDate "2015.03.02"]
[SourceVersion "1"]
[SourceVersionDate "2015.03.02"]
[SourceQuality "1"]

1. d4 d5 2. c4 e5 3. dxe5 d4 4. Nf3 Nc6 5. a3 f6 6. exf6 Qxf6 7. Nbd2 Bf5 8. Nb3 d3 9. exd3 0-0-0 10. Be2 h6 11. Be3 g5 12. 0-0 g4 13. Ne1 h5 14. d4 Bd6 15. Qd2 Nge7 16. c5 Bxh2+ 17. Kxh2 h4 18. Bd3 g3+ 19. Kg1 Rdg8 20. Bf4 Nd5 21. Be5 Nxe5 22. dxe5 Qxe5 23. Rd1 Bg4 24. Be2 Nf6 25. Bxg4+ Nxg4 26. Nf3 gxf2+ 27. Rxf2 Qg3 28. Kf1 h3 29. gxh3 Qxh3+ 30. Ke2 Nxf2 31. Kxf2 Rg2+ 32. Ke3 0-1

[Event "Gibraltar Challengers-B 13th"]
[Site "Caleta"]
[Date "2015.01.31"]
[Round "1"]
[White "Dougherty, Michael J"]
[Black "Romero Valencia, Fernando"]
[Result "0-1"]
[WhiteElo "2138"]
[BlackElo "1954"]
[PlyCount "114"]
[EventDate "2015.01.31"]
[EventType "swiss"]
[EventRounds "5"]
[EventCountry "GGB"]
[SourceTitle "CBM 164 Extra"]
[Source "ChessBase"]
[SourceDate "2015.03.02"]
[SourceVersion "1"]
[SourceVersionDate "2015.03.02"]
[SourceQuality "1"]

1. d4 Nf6 2. c4 e6 3. Nc3 c5 4. e3 b6 5. Nf3 Bb7 6. Bd3 d6 7. 0-0 Be7 8. b3 Nc6 9. Bb2 0-0 10. Qe2 a6 11. Rfd1 Qc7 12. Rac1 Rfd8 13. Bb1 h6 14. h3 Rac8 15. d5 exd5 16. cxd5 Nb8 17. a4 Re8 18. g4 Nbd7 19. g5 hxg5 20. Nxg5 Nf8 21. Qf3 Ra8 22. Kh2 N8d7 23. Qg2 Qd8 24. Nxf7 Kxf7 25. Qg6+ Kg8 26. Rg1 Bf8 27. Ne4 Rxe4 28. Bxe4 Qe7 29. Bf5 Bxd5 30. Rg3 Ne5 31. Bxe5 Qxe5 32. Rcg1 Ra7 33. f4 Qe7 34. Qh6 Be4 35. Bxe4 Nxe4 36. Rg6 Nd2 37. Re6 Nf3+ 38. Kh1 Qb7 39. Qg6 Nxg1+ 40. Kxg1 Qd5 41. f5 Rf7 42. e4 Qd4+ 43. Kg2 Rf6 44. Rxf6 Qxf6 45. Qe8 Qb2+ 46. Kf3 Qxb3+ 47. Kg4 Qf7 48. Qc6 b5 49. a5 Qa7 50. Qd5+ Kh8 51. h4 c4 52. Kh5 Kh7 53. Qe6 c3 54. Qc8 Qc5 55. Qxf8 c2 56. Qe8 Qg1 57. e5 Qd1+ 0-1

[Event "Gibraltar Challengers-B 12th"]
[Site "Caleta"]
[Date "2014.02.02"]
[Round "2"]
[White "Romero Valencia, Fernando"]
[Black "Gajic, Mladen"]
[Result "0-1"]
[WhiteElo "1960"]
[BlackElo "2251"]
[PlyCount "64"]
[EventDate "2014.02.01"]
[EventType "swiss"]
[EventRounds "5"]
[EventCountry "GGB"]
[SourceTitle "CBM 158 Extra"]
[Source "ChessBase"]
[SourceDate "2014.02.28"]
[SourceVersion "1"]
[SourceVersionDate "2014.02.28"]
[SourceQuality "1"]

1. e4 Nf6 2. Nc3 e5 3. Bc4 Nxe4 4. Qh5 Nd6 5. Qxe5+ Qe7 6. Qxe7+ Bxe7 7. Bd5 Nc6 8. Nf3 0-0 9. d3 Nb4 10. Bb3 b6 11. a3 Na6 12. Bf4 c6 13. Kd2 Nc5 14. Ba2 Ne6 15. Be5 f6 16. Bg3 Kh8 17. h3 Nf5 18. Bh2 d5 19. g4 Ned4 20. Ng1 Nh4 21. Bg3 f5 22. f3 Nhxf3+ 23. Nxf3 Nxf3+ 24. Ke3 fxg4 25. d4 Bf6 26. hxg4 Bxg4 27. Ne2 Rae8+ 28. Kf2 Nxd4 29. Nc3 Nf5 30. Rae1 Bd4+ 31. Kg2 Ne3+ 32. Kh2 Bf3 0-1